000 00267nam a2200109Ia 4500
008 221030s9999 xx 000 0 und d
082 _a105.23
245 0 _aJob Satisfaction of Employees in J & K Bank
260 _bJK Bank
_c2009
650 _aManagement
942 _cTH
999 _c10257
_d10257